Quiz sulle Bandiere del Sud America - Scelta Multipla - Statistics

Statistiche generali
  • Questo quiz è stato fatto 41 volte
  • Il punteggio medio è 12 su 12
Statistiche sulle risposte
Domanda Risposta % Corretto
Argentina
100%
Brasile
100%
Suriname
100%
Uruguay
100%
Paraguay
98%
Perù
98%
Venezuela
98%
Colombia
95%
Guyana
95%
Bolivia
93%
Ecuador
93%
Cile
90%
Nessun quiz corrispondente trovato
Distribuzione punteggi
Percentuale di utenti per punteggio
Percentile per numero di risposta
I tuoi punteggi nel tempo
Non hai fatto questo quiz